00853nam a2200217 a 4500001001000000003000500010005001700015008004100032010001100073011001100084040000900095100003800104245016500142260004100307500006000348502007800408650002400486650002700510650002800537856007000565000115750CHAP20220329144546.0190702s2019 mx | |sm |||||||spa d a112211 a113183 cCHAP1 aMartínez Méndez, Elba Martha.10aCaracterización del proceso de fermentación aeróbica del nopal para su uso en la alimentación animalh[En línea]cpor Elba Martha Martínez Méndez. aChapingo, Méx. :bEl autor,c2019. aPara ver el contenido del material haga clic en la liga aTesis (M. C. en Innovación Ganadera) -- UACH. Departamento de Zootecnia14aNopal como forraje.14aNopalxFermentación.14aNopalxValor nutritivo. aFinding aiduhttp://10.13.5.2/tesis/sist115750.pdfzTeclea aquí